| Tag |
First Indicator |
Second Indicator |
Subfields |
| LEADER |
00000cam a2200000 i 4500 |
| 001 |
in00003841421 |
| 005 |
20210514091203.0 |
| 006 |
m o d f |
| 007 |
cr b|||||a|||| |
| 008 |
170517s2017 dcua o f000 0 eng c |
| 035 |
|
|
|a (OCoLC)ocn987380966
|
| 042 |
|
|
|a pcc
|
| 043 |
|
|
|a n-us---
|
| 040 |
|
|
|a GPO
|b eng
|e rda
|e pn
|c GPO
|d BUF
|d MERUC
|d AZP
|d OCLCQ
|d GPO
|d MvI
|
| 049 |
|
|
|a WWW
|
| 050 |
|
4 |
|a KF26
|b .E55 2017a
|
| 074 |
|
|
|a 1040-C (online)
|
| 086 |
0 |
|
|a Y 4.EN 2:S.HRG.115-10
|
| 110 |
1 |
|
|a United States.
|b Congress.
|b Senate.
|b Committee on Energy and Natural Resources,
|e author.
|
| 245 |
1 |
0 |
|a Nomination hearing of the Honorable Ryan Zinke to be the Secretary of the Interior :
|b hearing before the Committee on Energy and Natural Resources, United States Senate, One Hundred Fifteenth Congress, first session, January 17, 2017.
|
| 264 |
|
1 |
|a Washington :
|b U.S. Government Publishing Office,
|c 2017.
|
| 300 |
|
|
|a 1 online resource (iii, 237 pages) :
|b illustration.
|
| 336 |
|
|
|a text
|b txt
|2 rdacontent
|
| 337 |
|
|
|a computer
|b c
|2 rdamedia
|
| 338 |
|
|
|a online resource
|b cr
|2 rdacarrier
|
| 490 |
1 |
|
|a S. hrg. ;
|v 115-10
|
| 588 |
0 |
|
|a Online resource, PDF version; title from title page (FDsys web site, viewed on May 17, 2017).
|
| 500 |
|
|
|a Paper version available for sale by the Superintendent of Documents, U.S. Government Publishing Office.
|
| 600 |
1 |
0 |
|a Zinke, Ryan.
|
| 610 |
1 |
0 |
|a United States.
|b Department of the Interior
|x Officials and employees
|x Selection and appointment.
|
| 655 |
|
7 |
|a Legislative hearings.
|2 lcgft
|
| 776 |
0 |
8 |
|i Print version:
|a United States. Congress. Senate. Committee on Energy and Natural Resources.
|t Nomination hearing of the Honorable Ryan Zinke to be the Secretary of the Interior
|w (DLC) 2017381154
|w (OCoLC)987377308
|
| 776 |
0 |
8 |
|i Microfiche version:
|a United States. Congress. Senate. Committee on Energy and Natural Resources.
|t Nomination hearing of the Honorable Ryan Zinke to be the Secretary of the Interior
|w (OCoLC)1008776535
|
| 810 |
1 |
|
|a United States.
|b Congress.
|b Senate.
|t S. hrg. ;
|v 115-10.
|
| 856 |
4 |
0 |
|u https://purl.fdlp.gov/GPO/gpo80849
|t 0
|
| 856 |
4 |
0 |
|u http://purl.fdlp.gov/GPO/gpo80849
|t 0
|
| 999 |
f |
f |
|s c1248e62-1932-3622-a75c-c762bed16d70
|i d7cd673a-4762-3317-92d8-d41aa622a741
|t 0
|
| 952 |
f |
f |
|a Texas A&M University
|b College Station
|c Electronic Resources
|d Available Online
|t 0
|e Y 4.EN 2:S.HRG.115-10
|h Superintendent of Documents classification
|
| 998 |
f |
f |
|a Y 4.EN 2:S.HRG.115-10
|t 0
|l Available Online
|